Day at the zoo / (Record no. 416805)
[ view plain ]
| 000 -LEADER | |
|---|---|
| fixed length control field | 01633cam a22004818i 4500 |
| 001 - CONTROL NUMBER | |
| control field | 2025036892 |
| 003 - CONTROL NUMBER IDENTIFIER | |
| control field | DLC |
| 005 - DATE AND TIME OF LATEST TRANSACTION | |
| control field | 20260302122711.0 |
| 007 - PHYSICAL DESCRIPTION FIXED FIELD--GENERAL INFORMATION | |
| fixed length control field | t| |
| 008 - FIXED-LENGTH DATA ELEMENTS--GENERAL INFORMATION | |
| fixed length control field | 250908s2026 ilu a 000 1 eng |
| 010 ## - LIBRARY OF CONGRESS CONTROL NUMBER | |
| LC control number | 2025036892 |
| 020 ## - INTERNATIONAL STANDARD BOOK NUMBER | |
| International Standard Book Number | 9781464224737 |
| Qualifying information | board |
| 020 ## - INTERNATIONAL STANDARD BOOK NUMBER | |
| Cancelled/invalid ISBN | 9781464224744 |
| Qualifying information | epub |
| 020 ## - INTERNATIONAL STANDARD BOOK NUMBER | |
| Cancelled/invalid ISBN | 9781464224751 |
| Qualifying information | |
| 035 ## - SYSTEM CONTROL NUMBER | |
| System control number | (OCoLC)1535646653 |
| 040 ## - CATALOGING SOURCE | |
| Original cataloging agency | DLC |
| Language of cataloging | eng |
| Description conventions | rda |
| Transcribing agency | DLC |
| Modifying agency | DLC-MRC |
| -- | DLC |
| -- | DLC-MRC |
| -- | DLC |
| 042 ## - AUTHENTICATION CODE | |
| Authentication code | pcc |
| -- | cyac |
| 050 00 - LIBRARY OF CONGRESS CALL NUMBER | |
| Classification number | PZ7.1.L7235 |
| Item number | Day 2026 |
| 082 00 - DEWEY DECIMAL CLASSIFICATION NUMBER | |
| Classification number | [E] |
| Edition number | 23/eng/20250908 |
| 092 ## - LOCALLY ASSIGNED DEWEY CALL NUMBER (OCLC) | |
| Item number | Lourenço, Estrela |
| 100 1# - MAIN ENTRY--PERSONAL NAME | |
| Personal name | Lourenço, Estrela |
| Relator term | author |
| -- | illustrator |
| Relator code | aut |
| -- | ill |
| -- | http://id.loc.gov/vocabulary/relators/aut |
| -- | http://id.loc.gov/vocabulary/relators/ill |
| 9 (RLIN) | 6445634 |
| 245 10 - TITLE STATEMENT | |
| Title | Day at the zoo / |
| Statement of responsibility, etc | Estrela Lourenço. |
| 263 ## - PROJECTED PUBLICATION DATE | |
| Projected publication date | 2603 |
| 264 #1 - Production, Publication, Distribution, Manufacture, and Copyright Notice. | |
| Place of production, publication, distribution, manufacture | Naperville, IL : |
| Name of producer, publisher, distributor, manufacturer | Sourcebooks Jabberwocky, |
| Date of production, publication, distribution, manufacture, or copyr | [2026] |
| 300 ## - PHYSICAL DESCRIPTION | |
| Extent | pages cm |
| 336 ## - Content Type | |
| Content type term | text |
| 336 ## - Content Type | |
| Content type term | still image |
| 337 ## - Media type | |
| Media type term | unmediated |
| 338 ## - Carrier type | |
| Carrier type term | volume |
| 490 0# - SERIES STATEMENT | |
| Series statement | Peek & boo! |
| 520 ## - SUMMARY, ETC. | |
| Summary, etc | Bunny Peek searches for her best friend Boo, a guinea pig, while having a fun day at the zoo |
| 521 ## - TARGET AUDIENCE NOTE | |
| Target audience note | Ages 0-4 |
| Source | Sourcebooks Jabberwocky |
| 521 ## - TARGET AUDIENCE NOTE | |
| Target audience note | Grades K-1 |
| Source | Sourcebooks Jabberwocky |
| 650 #1 - SUBJECT ADDED ENTRY--TOPICAL TERM | |
| Topical term or geographic name as entry element | Board books |
| 650 #1 - SUBJECT ADDED ENTRY--TOPICAL TERM | |
| Topical term or geographic name as entry element | Zoos |
| Form subdivision | Fiction |
| 9 (RLIN) | 5686509 |
| 650 #1 - SUBJECT ADDED ENTRY--TOPICAL TERM | |
| Topical term or geographic name as entry element | Rabbits |
| Form subdivision | Fiction |
| 9 (RLIN) | 5674645 |
| 650 #1 - SUBJECT ADDED ENTRY--TOPICAL TERM | |
| Topical term or geographic name as entry element | Guinea pigs |
| Form subdivision | Fiction |
| 9 (RLIN) | 5754205 |
| 655 #7 - INDEX TERM--GENRE/FORM | |
| Genre/form data or focus term | Animal fiction |
| Source of term | lcgft |
| 9 (RLIN) | 5748285 |
| 655 #7 - INDEX TERM--GENRE/FORM | |
| Genre/form data or focus term | Board books |
| Source of term | lcgft |
| 655 #7 - INDEX TERM--GENRE/FORM | |
| Genre/form data or focus term | Picture books |
| Source of term | lcgft |
| 655 #7 - INDEX TERM--GENRE/FORM | |
| Genre/form data or focus term | Fiction |
| Source of term | lcgft |
| 9 (RLIN) | 5673940 |
| 942 ## - ADDED ENTRY ELEMENTS (KOHA) | |
| Source of classification or shelving scheme | Dewey Decimal Classification |
| Koha item type | BOOK |
| Withdrawn status | Lost status | Source of classification or shelving scheme | Damaged status | Not for loan | Collection code | Home library | Current library | Shelving location | Date acquired | Source of acquisition | Total Checkouts | Full call number | Barcode | Checked out | Date last seen | Date checked out | Cost, replacement price | Price effective from | Koha item type |
|---|---|---|---|---|---|---|---|---|---|---|---|---|---|---|---|---|---|---|---|
| Dewey Decimal Classification | Children Board Books | Wasatch County Library | Wasatch County Library | Main Floor Childrens Area | 03/10/2026 | Ingram | 1 | BB Lourenço | 34301002181388 | 03/31/2026 | 03/10/2026 | 03/10/2026 | 8.99 | 03/10/2026 | BOOK |
